| 000 | 00656nab a2200181 i 4500 | ||
|---|---|---|---|
| 001 | 190402 | ||
| 003 | ES-MaACL | ||
| 005 | 20250806024742.0 | ||
| 008 | 210307d1880 sp 000 0 spa d | ||
| 040 | _cES-MaACL | ||
| 100 | 1 |
_aSánchez Moguel, Antonio, _d1838-1913 _eaut _9102783 |
|
| 245 | 1 | 3 |
_aEl Ateneo de Madrid en el año académico de 1879-80 : _bapuntamientos históricos / _cpor Antonio Sánchez Moguel. |
| 610 | 2 | 4 |
_aAteneo de Madrid- _vHistoria _91925 |
| 773 | 0 |
_tRevista contemporánea, _xISSN 0213-8654, _gt. 28, jul.-ag., 1880, p. 80-88 _01801 _w1801 _91837 |
|
| 942 |
_cANAB _2udc _n0 |
||
| 999 |
_c190402 _d190402 |
||